00513nam a2200157Ia 4500008004100000082001900041100003700060245004200097260003200139300000800171501005200179600002000231630004200251700002000293730004200313090122s9999 xx 000 0 und d b13441a891.468 aठाकूरbदिलीप a"12 ते 3, 3 ते 6, 6 ते 9" bसंवेदनाc2006 a152 a3495/ रोहित बुक सेंटर aठाकूर a"12 ते 3, 3 ते 6, 6 ते 9" aठाकूर a"12 ते 3, 3 ते 6, 6 ते 9"